000 01141nam a2200253 i 4500
001 17773
003 ES-MaACL
005 20250704062539.0
007 t|
008 010523s1949 sp ||||1| spa d
080 _a061.21(460.27)Ateneo(091)
100 1 _aAraujo-Costa, Luis.
_922362
245 1 0 _aBiografía del Ateneo de Madrid /
_cLuis Araujo-Costa.
260 _aMadrid :
_b[s.n.],
_c1949 (
_fImp. Samarán)
300 _a207 p., 1 h. de lám. :
_bretr. del aut. ;
_c23 cm.
510 _aCCPB,
_c001371809-6.
610 2 4 _aAteneo de Madrid-
_vHistoria
_91925
852 _aES-MaACL
_jD-6501
_bR.30340
_918287
_cSVI
_fSello en tinta azul de la Biblioteca del Ateneo de Madrid.
_gAnotación manuscrita a lápiz en cubierta antigua: "1".
_xEncuadernación holandesa en tela marrón.
_z"2.DIC.1950".
_zRetrato: Luis Araujo Acosta
852 _aES-MaACL
_jG-4631
_bR.142740
_gDedicatoria autógrafa del autor
_cDEPO2
_918286
942 _2udc
_cMONOGRAFIA
999 _c17773
_d17773